| 000 | 00420nam a2200157 4500 | ||
|---|---|---|---|
| 001 | 113867 | ||
| 003 | ES-MaACL | ||
| 005 | 20230906190025.0 | ||
| 007 | t| | ||
| 008 | 061121s1956 sp r ||||1| spa d | ||
| 100 | 0 |
_aPáez Blasco, Evaristo. _988233 |
|
| 245 | 1 | 0 |
_aCapitaltrabajo / _cEvaristo Pèz Blasco. |
| 260 |
_aGranada : _bPrieto, _c1956. |
||
| 300 |
_a271 p. ; _c19 cm. |
||
| 852 |
_aES-MaACL _jC-12529 _bR.40259 |
||
| 999 |
_c113867 _d113867 |
||